<?xml version="1.0" encoding="UTF-8"?>
<record
    xmlns:xsi="http://www.w3.org/2001/XMLSchema-instance"
    xsi:schemaLocation="http://www.loc.gov/MARC21/slim http://www.loc.gov/standards/marcxml/schema/MARC21slim.xsd"
    xmlns="http://www.loc.gov/MARC21/slim">

  <leader>03185cam a22003734a 4500</leader>
  <controlfield tag="001">12540079</controlfield>
  <controlfield tag="003">NUST-PNEC</controlfield>
  <controlfield tag="005">20170116180706.0</controlfield>
  <controlfield tag="008">010920s2002    flua     bf   001 0 eng  </controlfield>
  <datafield tag="010" ind1=" " ind2=" ">
    <subfield code="a">  2001043885</subfield>
  </datafield>
  <datafield tag="020" ind1=" " ind2=" ">
    <subfield code="a">0849383544 </subfield>
  </datafield>
  <datafield tag="040" ind1=" " ind2=" ">
    <subfield code="a">DLC</subfield>
    <subfield code="c">PNEC</subfield>
  </datafield>
  <datafield tag="042" ind1=" " ind2=" ">
    <subfield code="a">pcc</subfield>
  </datafield>
  <datafield tag="050" ind1="0" ind2="0">
    <subfield code="a">TK7870</subfield>
    <subfield code="b">.E212 2002</subfield>
  </datafield>
  <datafield tag="082" ind1="0" ind2="0">
    <subfield code="a">621.381'0288 WHI</subfield>
    <subfield code="2">21</subfield>
  </datafield>
  <datafield tag="100" ind1=" " ind2=" ">
    <subfield code="9">352</subfield>
    <subfield code="a">Whitaker, Jerry C.</subfield>
  </datafield>
  <datafield tag="245" ind1="0" ind2="0">
    <subfield code="a">Electronic systems maintenance handbook /</subfield>
    <subfield code="c">edited by Jerry C. Whitaker.</subfield>
  </datafield>
  <datafield tag="250" ind1=" " ind2=" ">
    <subfield code="a">2nd ed.</subfield>
  </datafield>
  <datafield tag="260" ind1=" " ind2=" ">
    <subfield code="a">Boca Raton :</subfield>
    <subfield code="b">CRC Press,</subfield>
    <subfield code="c">c2002.</subfield>
  </datafield>
  <datafield tag="300" ind1=" " ind2=" ">
    <subfield code="a">1 v. (various pagings) :</subfield>
    <subfield code="b">ill. ;</subfield>
    <subfield code="c">27 cm.</subfield>
  </datafield>
  <datafield tag="440" ind1=" " ind2="0">
    <subfield code="a">Electronics handbook series</subfield>
  </datafield>
  <datafield tag="500" ind1=" " ind2=" ">
    <subfield code="a">Includes Index http://www.amazon.com/Electronic-Systems-Maintenance-Handbook-Electronics/dp/0849383544/ref=sr_1_1?s=books&amp;ie=UTF8&amp;qid=1411551076&amp;sr=1-1&amp;keywords=0849383544</subfield>
  </datafield>
  <datafield tag="504" ind1=" " ind2=" ">
    <subfield code="a">Includes bibliographical references and index.</subfield>
  </datafield>
  <datafield tag="505" ind1="8" ind2=" ">
    <subfield code="a">Machine generated contents note: 1 Probability and Statistics -- Allan White and Hagbae Kim 2 Electronic Hardware Reliability -- Michael Pecht and luliana Bordelon 3 Software Reliability -- Carol Smidts 4 Thermal Properties -- David F. Besch 5 Heat Management -- Zbigniew Staszak 6 Shielding and EMI Considerations -- Don White 7 Resistors and Resistive Materials -- Jerry C. Whitaker 8 Capacitance and Capacitors-- Jerry C. Whitaker 9 Inductors and Magnetic Properties -- Jerry C. Whitaker 10 Printed Wiring Boards-- Ravindranath Kollipara and Vijai Tripathi --11 Hybrid Microelectronics Technology -- Jerry E. Sergent 12 Surface Mount Technology-- Glenn R. Blackwell 13 Semiconductor Failure Modes-- Jerry C. Whitaker 14 Power System Protection Alternatives -- Jerry C. Whitaker 15 Facility Grounding -- Jerry C. Whitaker 16 Network Switching Concepts -- Tsong-Ho Wu 17 Network Communication-- James E. Goldman 18 Data Acquisition -- Edward McConnell and Dave Jernigan 19 Computer-Based Circuit Simulation -- BashirAl-Hashimi 20 Audio Frequency Distortion Mechanisms and Analysis-- Jerry C. Whitaker 21 Video Display Distortion Mechanisms and Analysis-- Jerry C. Whitaker 22 Radio Frequency Distortion Mechanisms and Analysis-- Samuel 0. Agbo 23 Digital Test Equipment and Measurement Systems-- Jerry C. Whitaker -- 24 Fourier Waveform Analysis -- Jerry C. Hamann and John W. Pierre 25 Computer-Based Signal Analysis -- Rodger E. Ziemer 26 Systems Engineering Concepts-- Gene DeSantis 27 Disaster Planning and Recovery -- Richard Rudman 28 Safety and Protection Systems -- Jerry C. Whitaker 29 Conversion Tables.</subfield>
  </datafield>
  <datafield tag="650" ind1=" " ind2="0">
    <subfield code="a">Electronic systems</subfield>
    <subfield code="x">EL, EE</subfield>
    <subfield code="v">Handbooks, manuals, etc.</subfield>
  </datafield>
  <datafield tag="650" ind1=" " ind2="0">
    <subfield code="a">Electronic systems</subfield>
    <subfield code="x">Reliability</subfield>
    <subfield code="v">Handbooks, manuals, etc.</subfield>
  </datafield>
  <datafield tag="700" ind1="1" ind2=" ">
    <subfield code="a">Whitaker, Jerry C.</subfield>
  </datafield>
  <datafield tag="730" ind1="0" ind2=" ">
    <subfield code="a">Maintaining electronic systems.</subfield>
  </datafield>
  <datafield tag="856" ind1="4" ind2="1">
    <subfield code="3">Table of contents only</subfield>
    <subfield code="u">http://www.loc.gov/catdir/toc/fy031/2001043885.html</subfield>
  </datafield>
  <datafield tag="856" ind1="4" ind2="2">
    <subfield code="3">Publisher description</subfield>
    <subfield code="u">http://www.loc.gov/catdir/enhancements/fy0646/2001043885-d.html</subfield>
  </datafield>
  <datafield tag="906" ind1=" " ind2=" ">
    <subfield code="a">7</subfield>
    <subfield code="b">cbc</subfield>
    <subfield code="c">orignew</subfield>
    <subfield code="d">1</subfield>
    <subfield code="e">ocip</subfield>
    <subfield code="f">20</subfield>
    <subfield code="g">y-gencatlg</subfield>
  </datafield>
  <datafield tag="942" ind1=" " ind2=" ">
    <subfield code="2">ddc</subfield>
    <subfield code="c">BK</subfield>
  </datafield>
  <datafield tag="999" ind1=" " ind2=" ">
    <subfield code="c">60735</subfield>
    <subfield code="d">60735</subfield>
  </datafield>
  <datafield tag="952" ind1=" " ind2=" ">
    <subfield code="0">0</subfield>
    <subfield code="1">0</subfield>
    <subfield code="2">ddc</subfield>
    <subfield code="4">0</subfield>
    <subfield code="7">0</subfield>
    <subfield code="a">PNEC</subfield>
    <subfield code="b">PNEC</subfield>
    <subfield code="c">REF</subfield>
    <subfield code="d">2005-07-18</subfield>
    <subfield code="e">Royal Book Company</subfield>
    <subfield code="g">8805.00</subfield>
    <subfield code="l">0</subfield>
    <subfield code="o">621.381'0288 WHI</subfield>
    <subfield code="p">PNECLIB-027510</subfield>
    <subfield code="r">2014-09-24</subfield>
    <subfield code="v">8805.00</subfield>
    <subfield code="w">2005-07-18</subfield>
    <subfield code="y">BK</subfield>
  </datafield>
</record>
